01574nam a2200217 i 450000100060000000300090000600500170001500700030003200800410003510000440007624503110012026000470043130000290047850505340050759300600104159600430110165000430114485200240118799900170121195201280122823060ES-MaACL20250907063035.0t|021209m18241825sp ||||1| spa d1 aAlvarado, Francisco, d1756-181492059010aCartas críticas que escribió el Rmo. Padre Maestro Fr. Francisco Alvarado, del Orden de Predicadores : bó sea El Filósofo Rancio, en las que ... se impugnan las doctrinas ... de los nuevos reformadores y se descubren sus perversos designios contra la Religión y el Estado ... ; tomo I [-tomo V]. aMadrid : b[s.n.], c1824-25 (fE. Aguado) a6 pt. en 5 t. ; c21 cm.8 aSuplemento a las XLVII cartas del Filósofo Rancio : contiene un diálogo entre dos canonigos de Sevilla, y dos artículos comunicados al Procurador General del Rey de la Nacion / por el mismo autor , (en Tomo IV con portada y paginación propias) -- t. 5. Cartas filosóficas que bajo el supuesto nombre de Aristóteles / escribió ... Fray Francisco Alvarado conocido ya comunmente por el Filósofo rancio ... ; las da a luz con las cuarenta y siete anteriores el Rmo. Padre Vicario General del Órden de Santo Domingo aFilósofo Rancio es seudónimo de Francisco Alvarado. aTomos I-II (1824) ; Tomos III-V (1825)04aLiberalismo-zEspaña-yS.XIX.914390 aES-MaACLjG-1120-24 c23060d23060 001040708LIBXIXaATENEOMbATENEOMcDEPO2d2008-01-17eSCl0oG-1120-24p1023758r2023-02-23 00:00:00w2023-02-23yMONANT